Neptuno 8 : Ciencias Sociales : libro del alumno

Gespeichert in:
Bibliographische Detailangaben
1. Verfasser: Enrique Fuertes, Pablo
Weitere Verfasser: Lamo Rubio, Pedro de Miguélez Alonso, Esteban
Format: Buch
Sprache:Spanisch
Erschienen: Madrid : Bruño, D.L. 1994
Katalog:MANES:  Suchergebnis im Bibliothekskatalog
Schulbuchspezifische Eigenschaften:
Tags: Tag hinzufügen
Keine Tags, Fügen Sie den ersten Tag hinzu!
Hinzugefügt zu:11.12.2002
Geändert in:07.05.2025

MARC

LEADER 00000cam a2200000 i 4500
005 20250507134550.0
008 021212s1994 espao fp 000 0 spa d
020 |a 8421608460 
040 |a uned  |b spa  |c entro-manes 
100 1 |a Enrique Fuertes, Pablo  |9 342 
245 1 0 |a Neptuno 8 :   |b Ciencias Sociales : libro del alumno /   |c Pablo Enrique Fuertes, Pedro de Lamo Rubio, Esteban Miguélez Alonso 
260 |a Madrid :   |b Bruño,   |c D.L. 1994 
300 |a 319 p. :   |b il. 
546 |a España 
561 |5 es-BUNED  |3 L.T.M. 1491  |a España. Fondo Manes UNED  |k MANES 
690 0 |a CS 
691 0 |a PRI 
700 1 |a Lamo Rubio, Pedro de  |9 343  |a Miguélez Alonso, Esteban 
942 |2 ddc  |c BK 
999 |c 97413  |d 97413 
999 |c manes:97413  |d 97413